Plantes silvestres (català) - Statistics

General Stats
  • This quiz has been taken 15 times
  • The average score is 4 of 12
Answer Stats
Picture Answer % Correct
Romaní
75%
Ortiga
67%
Dent de lleó
50%
Rosella
42%
Fonoll
33%
Borratja
17%
Calendula
17%
Malva
17%
Card marià
8%
Melic de venus
8%
Plantatge
8%
Verdolaga
8%
No matching quizzes found
Score Distribution
Percent of People with Each Score
Percentile by Number Answered
Your Score History
You have not taken this quiz